Southern African plant red data lists (Record no. 58003)

MARC details
000 -LEADER
fixed length control field 00729nam a2200193 a 4500
008 - FIXED-LENGTH DATA ELEMENTS--GENERAL INFORMATION
fixed length control field 120416s2002 ||||||||||||||||| || u
020 ## - INTERNATIONAL STANDARD BOOK NUMBER
International Standard Book Number 1919795642
050 ## - LIBRARY OF CONGRESS CALL NUMBER
Classification number SABONET(08)R/14
100 ## - MAIN ENTRY--PERSONAL NAME
Personal name Golding, Janice S
245 10 - TITLE STATEMENT
Title Southern African plant red data lists
Statement of responsibility, etc. edited by Janice Golding
260 ## - PUBLICATION, DISTRIBUTION, ETC.
Place of publication, distribution, etc. Pretoria:
Name of publisher, distributor, etc. SABONET
Date of publication, distribution, etc. 2002
300 ## - PHYSICAL DESCRIPTION
Extent 238p. : ill.
350 ## - PRICE (NR) (BK AM CF MU VM SE) [OBSOLETE]
Price 0.00
650 ## - SUBJECT ADDED ENTRY--TOPICAL TERM
Topical term or geographic name entry element ENDANGERED PLANTS--AFRICA, SOUTHERN
650 ## - SUBJECT ADDED ENTRY--TOPICAL TERM
Topical term or geographic name entry element BIOLOGICAL DIVERSITY--AFRICA, SOUTHERN
650 ## - SUBJECT ADDED ENTRY--TOPICAL TERM
Topical term or geographic name entry element PLANT CONSERVATION--AFRICA, SOUTHERN
650 ## - SUBJECT ADDED ENTRY--TOPICAL TERM
Topical term or geographic name entry element RARE PLANTS--AFRICA, SOUTHERN
995 ## - RECOMMENDATION 995 [LOCAL, UNIMARC FRANCE]
-- 0.00
-- CBU-MAIN LIBRARY (Kitwe)
-- 1
-- 0.00
-- AVAILABLE
-- International Publications
Holdings
Withdrawn status Lost status Source of classification or shelving scheme Damaged status Not for loan Home library Current library Shelving location Date acquired Total Checkouts Full call number Barcode Date last seen Price effective from Koha item type
          CBU-MAIN LIBRARY, KITWE. CBU-MAIN LIBRARY, KITWE.   11/30/2022   SABONET(08)R/14 9019100 11/30/2022 11/30/2022 MONOGRAPH